Česko-anglická obchodní korespondence

Salvato in:
Dettagli Bibliografici
Autore principale: Dynda, Antonín
Altri autori: Dyndová, Eva
Natura: Libro
Lingua:ceco
inglese
Pubblicazione: Praha Pragoeduca 1992
Edizione:1. vyd.
Soggetti:
Tags: Aggiungi Tag
Nessun Tag, puoi essere il primo ad aggiungerne!!

MARC

LEADER 00000nam a2200000 4500
001 c000561
005 20221214091727.0
020 |a 80-900849-3-1 
041 0 |a cze 
041 0 |a eng 
044 |a CZ 
245 1 0 |a Česko-anglická obchodní korespondence  |c Antonín Dynda, Eva Dyndová 
250 |a 1. vyd. 
264 1 |a Praha  |b Pragoeduca  |c 1992 
300 |a 202 s. 
610 2 0 |a korešpondencia 
610 2 0 |a obchod 
610 2 0 |a čeština 
610 2 0 |a angličtina 
610 2 0 |a terminológia 
100 1 |a Dynda, Antonín 
700 1 |a Dyndová, Eva